[Event "Turkey IS Bank Super League 2017"]
[Site "Darica-Kocaeli"]
[Date "2017.07.27"]
[Round "2.33"]
[White "Anton Guijarro, David"]
[Black "Kanmazalp, Ogulcan"]
[Result "1-0"]
[WhiteElo "2654"]
[BlackElo "2445"]
[Annotator "TA"]
[PlyCount "67"]
[EventType "team-tourn"]
[EventCountry "TUR"]
[SourceTitle "playchess.com"]
[Source "ChessBase"]
[SourceQuality "1"]

{[%evp 9,67,27,26,28,20,15,27,16,14,5,18,0,0,0,0,0,0,0,0,0,0,0,0,0,79,0,0,0,0,0,0,0,80,47,189,182,352,144,295,297,334,329,652,613,737,785,735,751,1034,1039,29982,29983,29994,29995,29995,29996,29996,29997,29997,29998]} 1. e4 c5 2. Nf3 d6 3. Bb5+ Nd7 4. O-O a6 5. Bd3 Ngf6 (5... b5 6. Re1 Bb7 7. a4 b4 8. Bc4 Ngf6 9. d3 e6 10. Nbd2 Be7 11. Nf1 O-O 12. Ng3 d5 {1-0 (50) Vachier Lagrave,M (2783)-Nepomniachtchi,I (2766) Leuven 2017}) 6. c3 {B51: Sicilian: Moscow Variation (3 Bb5+) without 3...Bd7} b5 7. Bc2 Bb7 8. Qe2 {White has an edge.} g6 9. d4 Bg7 10. e5 dxe5 11. dxe5 Bxf3 $1 12. gxf3 Nh5 13. e6 fxe6 {[#]} 14. a4 $146 ({Find the theoretical novelty and annotate with similar games:} 14. Qxe6 Qb6 15. Qxb6 {½-½ (15) Kravtsiv,M (2587)-Can,E (2519) Albena 2014}) 14... Rb8 15. axb5 axb5 16. Rd1 $36 {[%mdl 2048] White fights for an advantage.} Nhf6 (16... Qb6 $11) 17. Na3 (17. c4 $16) 17... Qb6 $11 18. Bd3 {[%cal Rd3b5]} c4 19. Nxc4 $1 bxc4 20. Bxc4 e5 {[#]} (20... Nf8 $11 {keeps the balance.}) 21. b4 $1 $16 e4 {[#]} (21... Qc7 $14) 22. Bf4 $1 $18 {Hoping for Ra6.} e5 $2 (22... Rd8) 23. Bg5 (23. Be3 $18 Qc7 24. fxe4) 23... exf3 $2 (23... Qc7 $16) 24. Qxf3 e4 25. Qf4 Qc6 $2 (25... h6) 26. Ra7 Qxc4 27. Bxf6 $1 Bxf6 28. Rdxd7 Rb6 29. Qd2 {Rd8+! would kill now.} Qc6 30. Rac7 {White mates.} Qa8 {[#]} 31. Re7+ $1 {[%mdl 512]} Kf8 (31... Bxe7 32. Qd7+) 32. Qh6+ Kg8 {[#]} 33. Rg7+ $1 {[%mdl 512]} Kf8 (33... Bxg7 34. Qxg7#) 34. Rxh7+ {Precision: White = 75%, Black = 35%.} 1-0

[Event "Turkey IS Bank Super League 2017"]
[Site "Darica-Kocaeli"]
[Date "2017.07.27"]
[Round "2.34"]
[White "Vorontsov, Pavlo"]
[Black "Firat, Burak"]
[Result "1/2-1/2"]
[WhiteElo "2510"]
[BlackElo "2480"]
[Annotator "TA"]
[PlyCount "91"]
[EventType "team-tourn"]
[EventCountry "TUR"]
[SourceTitle "playchess.com"]
[Source "ChessBase"]
[SourceQuality "1"]

{[%evp 21,91,39,39,1,0,-2,21,20,37,25,30,32,33,22,41,21,23,12,28,33,26,21,38,25,46,13,46,0,0,0,0,0,0,0,0,0,0,0,0,0,0,0,25,0,0,0,0,0,0,-30,-29,-97,-87,-48,-17,-52,0,0,0,0,0,0,0,0,0,0,0,0,0,0,0,0]} 1. Nf3 Nf6 2. g3 d5 3. Bg2 g6 4. O-O Bg7 5. c4 O-O 6. d4 dxc4 7. Na3 c3 8. bxc3 c5 9. e3 Nc6 10. Bb2 Nd5 11. Qe2 Nb6 {LiveBook: 46 Games. D77: Fianchetto Grünfeld: 6 0-0: Replies other than 6...c6} 12. dxc5 $146 ({Find the theoretical novelty and annotate with similar games:} 12. Rac1 Qd5 13. Qb5 Qh5 14. Nd2 Bd7 15. Qd3 Rad8 16. Qc2 Bh3 17. Bxh3 Qxh3 18. Ne4 cxd4 19. cxd4 Rd5 {½-½ (19) Sargissian,G (2679)-Darini,P (2524) Guilan 2016}) 12... Na4 13. Nd4 Nxc5 14. Rfd1 Nxd4 15. cxd4 Na4 16. Rac1 Nxb2 17. Qxb2 Rb8 18. Nc4 Bg4 19. f3 Bd7 20. f4 Bg4 21. Rd2 b5 22. Ne5 Bxe5 23. fxe5 Rc8 24. Rxc8 (24. h3 $5 {[%cal Rh3g4]} Rxc1+ 25. Qxc1 $14) 24... Qxc8 25. Rc2 Qb8 26. h3 {[%cal Bh2h3,Bh3h4,Bh4h5][%mdl 32]} Bd7 27. Qb4 (27. Qa3 $5 {[%cal Ra3e7]} b4 28. Qa5 $11) 27... Rc8 28. Rf2 e6 29. Qe7 Be8 30. Qf6 (30. h4 {seems wilder.} Qc7 31. Qg5 a5 32. h5 Qd8 33. Qh6) 30... Qb6 31. h4 Qd8 32. Qf4 a5 33. h5 g5 34. Qg4 $1 h6 35. Kh2 (35. Rf6 $5 {[%cal Rf6h6]} Kg7 36. Qe2 $11) 35... Rc3 36. Rf6 {[#]} (36. d5 $11 {remains equal.} exd5 37. Qd4) 36... Kg7 $1 $17 37. Qe2 Qc7 {Threatens to win with ...Rc2.} 38. Be4 Bc6 ({Black should try} 38... a4 $15) 39. Bxc6 $1 $11 {The position is equal.} Qxc6 {[%mdl 4096] Endgame KQR-KQR} 40. Qf1 Rc2+ 41. Kh3 Kg8 42. d5 Qxd5 {And now ...Qe4 would win.} 43. Rxf7 {[#] White threatens Rf8+ and mate.} g4+ $1 {[%mdl 512]} 44. Kh4 {Rf8+ would kill now.} (44. Kxg4 Qxe5) 44... Qxe5 {[%csl Gh6][%cal Re5g5]} 45. Rf8+ Kh7 {[%csl Gh6][%cal Re5g5]} 46. Rf7+ {Precision: White = 60%, Black = 74%.} 1/2-1/2

[Event "Turkey IS Bank Super League 2017"]
[Site "Darica-Kocaeli"]
[Date "2017.07.27"]
[Round "2.35"]
[White "Haznedaroglu, Kivanc"]
[Black "Demircioglu, Emre"]
[Result "1/2-1/2"]
[WhiteElo "2471"]
[BlackElo "2265"]
[Annotator "TA"]
[PlyCount "87"]
[EventType "team-tourn"]
[EventCountry "TUR"]
[SourceTitle "playchess.com"]
[Source "ChessBase"]
[SourceQuality "1"]

{[%evp 10,87,-22,-66,-36,-36,-36,-31,-29,-27,-25,-42,-31,-59,-51,-55,-61,-63,-57,-92,-20,-42,-45,-38,-39,-42,-36,-45,20,19,16,-104,-32,-70,-55,-66,-47,-46,-42,-61,-22,-27,-33,-49,-49,-45,-40,-83,-15,-48,-57,-65,-20,-108,0,-133,-133,-99,-19,-49,-41,-235,0,0,0,0,0,0,0,0,0,0,0,0,0,0,0,0,0,0]} 1. c4 e5 2. Nc3 Nf6 3. g3 Bb4 4. Bg2 O-O 5. e3 Bxc3 6. dxc3 d6 {A22: English Opening: 1...e5 2 Nc3 Nf6} 7. e4 (7. Ne2 e4 8. Qc2 Re8 9. b3 Nbd7 10. Ba3 a5 11. Rd1 a4 12. Nd4 axb3 13. Qxb3 Ne5 14. O-O {0-1 (27) Van Leent,D (2261)-Smeets,J (2537) Amsterdam 2005}) 7... Be6 8. Qe2 Nbd7 {Black is slightly better.} 9. Nf3 $146 ({Predecessor:} 9. Bg5 a5 10. Nf3 a4 11. O-O h6 12. Bxf6 Qxf6 13. Ne1 Nb6 14. Nd3 Bxc4 {½-½ (22) Paradinas Saenz de Viteri,J-Labarta Gonzalez,I (2099) Majadahonda 2004}) 9... Nc5 10. Nd2 Qd7 11. h3 a6 12. b3 b5 13. Ba3 Qc6 14. O-O Nfd7 (14... bxc4 $1 $17 15. Bxc5 Qxc5 16. Nxc4 Bxc4 17. bxc4 Rab8) 15. Rfc1 Nb6 16. cxb5 axb5 17. Bb4 Qd7 18. Bf1 c6 (18... Nb7 $15) 19. Qe3 $11 Qe7 20. Nf3 (20. c4 $11) 20... Nbd7 (20... Ncd7 $1 $17 21. c4 bxc4 22. bxc4 c5) 21. Bxc5 Nxc5 22. b4 Na4 23. Nd2 Rfb8 24. Nb3 c5 25. Na5 Qc7 26. a3 c4 27. Rd1 Rd8 28. Rd2 h6 (28... d5 $17 {Black wants to play ...dxe4.} 29. exd5 Rxd5) 29. Kh2 Rd7 30. Rad1 Rad8 (30... Qa7 $5 {[%cal Ra7e3]} 31. Qf3 Qb6 $11) 31. f4 (31. Bg2 $11) 31... f6 ({Better is} 31... exf4 $17 32. gxf4 d5) 32. Be2 {[#]} (32. f5 $1 $11 {remains equal.} Bf7 33. Bg2) 32... d5 $1 $17 {[%cal Rd5d4]} 33. fxe5 Qxe5 (33... fxe5 $17 {Hoping for ...d4!} 34. exd5 Rxd5 35. Rxd5 Rxd5) 34. Nc6 $11 Qxc3 35. Qf2 $2 {[#]} (35. Qf4 $15 g5 36. Qf3) 35... dxe4 $2 (35... Nb2 $1 $19 {[%cal Rb2d1]} 36. Nxd8 Nxd1 37. Bxd1 Rxd8) 36. Nxd8 {The position is equal.} Rxd2 37. Nxe6 Rxd1 38. Bxd1 e3 39. Qf3 {And now Nf4 would win.} Qd2+ 40. Be2 {Black must now prevent Qg4.} Nc3 41. Nf4 Nxe2 42. Qa8+ Kh7 43. Qe4+ Kg8 {( -> ...Nxf4+)} 44. Qe8+ {Precision: White = 50%, Black = 51%.} 1/2-1/2

[Event "Turkey IS Bank Super League 2017"]
[Site "Darica-Kocaeli"]
[Date "2017.07.27"]
[Round "2.36"]
[White "Kiremitciyan, Ari"]
[Black "Yilmazyerli, Mert"]
[Result "0-1"]
[WhiteElo "2240"]
[BlackElo "2459"]
[Annotator "TA"]
[PlyCount "62"]
[EventType "team-tourn"]
[EventCountry "TUR"]
[SourceTitle "playchess.com"]
[Source "ChessBase"]
[SourceQuality "1"]

{[%evp 19,62,59,37,9,10,10,25,16,15,-16,-8,-30,-26,-213,-230,-318,-31,-31,-27,-55,-31,-23,-26,-25,4,-243,-229,-279,-251,-283,-199,-194,-183,-358,-360,-481,-462,-808,-847,-821,-840,-1443,-1443,-1745,-1740]} 1. Nf3 g6 2. c4 Bg7 3. d4 d6 4. Nc3 Bg4 5. e3 Nf6 6. Be2 O-O 7. h3 Bf5 {E61: King's Indian: Early deviations for White, including Smyslov System} 8. g4 (8. O-O c5 9. d5 Na6 10. Bd3 Bxd3 11. Qxd3 e6 12. e4 exd5 13. cxd5 Re8 14. Bf4 Nb4 15. Qb1 {1-0 (24) Radjabov,T (2744)-Kramnik,V (2791) Moscow 2010}) 8... Bd7 9. e4 c5 10. d5 e6 {LiveBook: 4 Games} 11. Be3 exd5 12. exd5 Re8 $146 ({Predecessor:} 12... Na6 13. Nd2 Nc7 14. a4 b6 15. h4 {0-1 (40) Ovod,E (2384)-Kabanov,N (2486) Khanty-Mansiysk 2012}) 13. Nd2 Na6 14. Qb3 Rb8 15. Kf1 Nc7 16. Bf4 $2 {[#]} (16. a4 $11) 16... b5 $1 $19 {[%cal Rb5c4][%mdl 512]} 17. cxb5 {[#]} (17. Nxb5 Bxb5) 17... Nxb5 $2 (17... Rxe2 $1 $19 {[%mdl 512]} 18. Nxe2 Bxb5) 18. Bxb5 $15 (18. Nxb5 $2 Rxe2 $1 {[%mdl 512]} 19. a4 Rxd2 $1 $19 {[%mdl 512]}) 18... Bxb5+ 19. Nxb5 {Qd3 is the strong threat.} a6 20. a4 axb5 21. axb5 Qd7 22. Ra5 $2 {[#]} (22. b6 $11 {and White is okay.}) 22... Qb7 $1 $19 ({Weaker is} 22... Qe7 23. Qf3 $11) 23. Rg1 Nxd5 ({Inferior is} 23... Qe7 24. Kg2 $14) 24. Bh2 c4 25. Nxc4 {[#]} Rbc8 $1 {Threatens to win with ...Nb6.} ({And not} 25... Qe7 26. Qf3 $11) 26. Ra3 $2 (26. Ra1 {is a better defense.} Rxc4 27. Qxc4 Ne3+ 28. fxe3 Qf3+ 29. Ke1) 26... Nb6 27. Ne3 Qf3 {Black is clearly winning.} 28. Qd1 (28. Nc2 $142 Qe2+ 29. Kg2 Rxc2 30. Qf3) 28... Qxh3+ 29. Rg2 Bxb2 30. Ra1 Bxa1 31. Qxa1 Rxe3 {Precision: White = 21%, Black = 63%.} 0-1

[Event "Turkey IS Bank Super League 2017"]
[Site "Darica-Kocaeli"]
[Date "2017.07.27"]
[Round "2.37"]
[White "Ushenina, Anna"]
[Black "Unuk, Laura"]
[Result "1/2-1/2"]
[WhiteElo "2458"]
[BlackElo "2343"]
[Annotator "TA"]
[PlyCount "65"]
[EventType "team-tourn"]
[EventCountry "TUR"]
[SourceTitle "playchess.com"]
[Source "ChessBase"]
[SourceQuality "1"]

{[%evp 12,65,21,18,17,13,27,22,16,16,12,14,28,27,28,19,13,2,31,21,31,26,18,31,22,31,25,19,14,16,31,14,11,0,17,14,18,14,14,24,10,10,31,0,0,0,0,0,0,0,0,0,0,0,0,0]} 1. d4 d5 2. c4 c6 3. Nc3 Nf6 4. e3 e6 5. Nf3 Be7 6. Qc2 O-O 7. Bd3 {LiveBook: 23 Games} c5 {D45: Semi-Slav: 5 e3} (7... Nbd7 8. O-O Bd6 9. e4 dxc4 10. Bxc4 e5 11. Rd1 Qe7 12. h3 exd4 13. Nxd4 Ne5 14. Bf1 Ng6 15. g3 Re8 16. Bg2 Bc7 17. f4 Rd8 18. Be3 {1-0 (42) Iturrizaga Bonelli,E (2658)-Adu,O (2312) Atlantic City 2016}) 8. cxd5 exd5 9. dxc5 Nc6 10. a3 Bxc5 11. O-O h6 $146 ({Predecessor:} 11... Bg4 12. Ng5 g6 13. h3 Bh5 14. b4 Bb6 15. Bb2 {1-0 (76) Paluch,A (1805)-Gazen,L (1873) LSS email 2011}) 12. Rd1 Bd6 13. Be2 Be6 14. Nb5 Rc8 15. Nxd6 Nd4 16. Qd3 Nxe2+ 17. Qxe2 Qxd6 18. Bd2 {Bb4 is the strong threat.} Rfe8 19. h3 Ne4 20. Bb4 Qb6 21. Nd4 Bd7 22. f3 Ng3 23. Qf2 Qg6 24. Kh2 Nf5 25. Nxf5 Qxf5 26. Bc3 Rc6 27. e4 dxe4 {The position is equal.} 28. Qd4 {[%csl Gc3][%cal Rd4g7] [#]} Rg6 29. Qxd7 Rxg2+ 30. Kxg2 Qxf3+ 31. Kh2 Qf2+ 32. Kh1 Qf3+ 33. Kh2 {Precision: White = 61%, Black = 71%.} 1/2-1/2

[Event "Turkey IS Bank Super League 2017"]
[Site "Darica-Kocaeli"]
[Date "2017.07.27"]
[Round "2.38"]
[White "Tirak, Mert"]
[Black "Tari, Aryan"]
[Result "0-1"]
[WhiteElo "1909"]
[BlackElo "2595"]
[Annotator "TA"]
[PlyCount "90"]
[EventType "team-tourn"]
[EventCountry "TUR"]
[SourceTitle "playchess.com"]
[Source "ChessBase"]
[SourceQuality "1"]

{[%evp 23,90,16,14,8,4,4,7,0,4,8,4,0,0,0,9,-3,-13,-10,0,-20,-2,-2,-8,-11,-10,-25,-10,-8,-2,-23,-20,-121,-120,-164,-164,-164,-166,-169,-150,-151,-150,-169,-169,-169,-162,-253,-265,-326,-326,-401,-401,-391,-391,-460,-403,-536,-530,-508,-490,-480,-445,-904,-891,-904,-885,-864,-864,-819,-817]} 1. e4 e5 2. Nf3 Nc6 3. Nc3 Nf6 4. d4 exd4 5. Nxd4 Bb4 6. Nxc6 bxc6 7. Bd3 d5 8. exd5 O-O 9. O-O cxd5 10. Bg5 c6 11. Qf3 Be7 12. h3 Be6 {LiveBook: 21 Games} 13. b3 {C47: Scotch Four Knights and Four Knights with 4 g3} (13. Rae1 Rb8 14. Nd1 h6 15. Bxh6 gxh6 16. Rxe6 fxe6 17. Qg3+ Kh8 18. Qg6 Qe8 19. Qxh6+ Kg8 20. Qg5+ Kh8 21. Qh6+ Kg8 22. Qg5+ Kh8 23. Qh6+ {½-½ (23) Ovetchkin,R (2529)-Lysyj,I (2656) Ekaterinburg 2013}) 13... h6 14. Bh4 $146 ({Find the theoretical novelty and annotate with similar games:} 14. Bd2 Nd7 15. Rfe1 Nc5 16. Rad1 Re8 17. Be3 Qa5 18. Bxc5 Bxc5 19. Na4 Bf8 20. c3 g6 {½-½ (36) Shishov,M-Bannik,A Yerevan 1954}) 14... Re8 15. Ne2 {The position is equal.} Nd7 16. Bxe7 Qxe7 17. Qg3 Nf6 18. Nd4 Bd7 19. Nf5 (19. Rfe1 $5 Qxe1+ 20. Rxe1 Rxe1+ 21. Kh2 $11) 19... Bxf5 $1 20. Bxf5 Qc5 21. Qd3 Re5 22. Rae1 Rae8 {[%cal Ba8e8,Be8e5,Be5c5][%mdl 32]} 23. Rxe5 Rxe5 24. a4 d4 25. Bg4 Nd5 26. Rd1 Nc3 $36 {[%mdl 2048] Black fights for an advantage.} 27. Qxd4 (27. Ra1 $11) 27... Nxd1 $17 28. Qxc5 Rxc5 29. Bxd1 $11 {[%mdl 4096] Endgame KR-KB} Kf8 30. Kf1 Ke7 31. Ke1 Kd6 32. Kd2 Rd5+ 33. Kc1 c5 34. Be2 {[#]} (34. Bf3 {was necessary.} Rf5 35. Kd2) 34... Rf5 $1 $19 35. Bf3 {[#]} c4 $1 {[%mdl 512]} 36. Kd2 (36. bxc4 Ra5) 36... cxb3 37. cxb3 Kc5 38. Kc3 a5 39. Kb2 Kb4 {Black is clearly winning.} 40. Kc2 Rc5+ 41. Kb2 Rc3 42. Bd5 (42. Bd1 $142) 42... Rd3 43. Bxf7 Rd2+ 44. Kc1 Rxf2 45. Bd5 Kc3 {Precision: White = 20%, Black = 86%.} 0-1

[Event "Turkey IS Bank Super League 2017"]
[Site "Darica-Kocaeli"]
[Date "2017.07.27"]
[Round "2.39"]
[White "Ozates, Tuna"]
[Black "Kesgin, Halit Kaan"]
[Result "1/2-1/2"]
[WhiteElo "2291"]
[BlackElo "2207"]
[Annotator "NA"]
[PlyCount "117"]
[EventType "team-tourn"]
[EventCountry "TUR"]
[SourceTitle "playchess.com"]
[Source "ChessBase"]
[SourceQuality "1"]
[TimeControl "40/5400+30:1800+30"]

1. e4 {[%emt 0:00:30]} e6 {[%emt 0:01:00]} 2. d4 {[%emt 0:00:30]} d5 {[%emt 0:00:30]} 3. Nd2 {[%emt 0:00:00]} Nf6 {[%emt 0:01:30]} 4. e5 {[%emt 0:00:00]} Nfd7 {[%emt 0:00:30]} 5. Bd3 {[%emt 0:00:30]} c5 {[%emt 0:00:30]} 6. c3 {[%emt 0:00:00]} Nc6 {[%emt 0:00:00]} 7. Ne2 {[%emt 0:00:00]} cxd4 {[%emt 0:00:00]} 8. cxd4 {[%emt 0:00:30]} f6 {[%emt 0:00:30]} 9. exf6 {[%emt 0:00:30]} Nxf6 {[%emt 0:00:30]} 10. Nf3 {[%emt 0:00:30]} Bd6 {[%emt 0:00:00]} 11. O-O {[%emt 0:00:00]} Qc7 {[%emt 0:00:00]} 12. Bg5 $11 {[%emt 0:01:00]} O-O {[%emt 0:00:00]} 13. Bh4 {[%emt 0:00:30]} e5 {[%emt 0:10:00]} 14. dxe5 {[%emt 0:02:30]} Nxe5 {[%emt 0:00:30]} 15. Nxe5 {[%emt 0:00:30]} Bxe5 {[%emt 0:00:30]} 16. Bg3 {[%emt 0:01:30]} Bg4 {[%emt 0:02:30] [%clk 1:20]} 17. Rc1 {[%emt 0:10:30]} Qd6 {[%emt 0:00:30]} 18. Qb3 {[%emt 0:15:30]} Bxe2 {[%emt 0:04:30]} 19. Bxe2 {[%emt 0:00:30]} Bxg3 {[%emt 0:00:30]} 20. hxg3 {[%emt 0:00:30]} b6 {[%emt 0:00:30]} 21. Bf3 {[%emt 0:00:30]} Rac8 {[%emt 0:14:30]} 22. Rcd1 {[%emt 0:01:30]} Rfd8 {[%emt 0:01:30]} 23. Rd4 {[%emt 0:00:30]} Rc5 {[%emt 0:01:30]} 24. Rfd1 {[%emt 0:00:30]} g5 {[%emt 0:02:30]} 25. Qe3 {[%emt 0:01:30]} h6 {[%emt 0:00:30]} 26. b4 {[%emt 0:00:00]} Rcc8 {[%emt 0:10:30]} 27. Bxd5+ {[%emt 0:04:00]} Nxd5 {[%emt 0:00:30]} 28. Rxd5 {[%emt 0:00:30]} Qf6 {[%emt 0:00:00]} 29. Qd3 {[%emt 0:01:30]} Rf8 {[%emt 0:03:00]} 30. Qd2 {[%emt 0:14:30]} Rc6 {[%emt 0:05:30]} 31. Rd7 {[%emt 0:02:30]} a5 {[%emt 0:01:30]} 32. Qd5+ {[%emt 0:02:30]} Kh8 {[%emt 0:01:30]} 33. Qe4 {[%emt 0:01:30]} Qg6 {[%emt 0:00:00]} 34. Qe7 {[%emt 0:01:30]} Re8 {[%emt 0:03:00]} 35. Rd8 {[%emt 0:02:30]} Re6 {[%emt 0:02:30]} 36. Qd7 {[%emt 0:03:30]} axb4 {[%emt 0:03:30]} 37. Qd4+ {[%emt 0:00:30]} Qg7 {[%emt 0:00:00]} 38. Qxb4 {[%emt 0:01:30]} Qf6 {[%emt 0:01:00]} 39. Rxe8+ {[%emt 0:14:29]} Rxe8 {[%emt 0:00:00]} 40. Qb5 {[%emt 0:00:00]} Rf8 {[%emt 0:03:00]} 41. Qe2 {[%emt 0:05:01]} Rd8 {[%emt 0:04:30]} 42. Rb1 {[%emt 0:00:30]} Kg7 {[%emt 0:01:30]} 43. Qe3 {[%emt 0:00:30]} Rd6 {[%emt 0:00:30]} 44. Re1 {[%emt 0:01:30]} Rd7 {[%emt 0:01:30]} 45. Rb1 {[%emt 0:04:30]} Rd6 {[%emt 0:03:30]} 46. Re1 {[%emt 0:05:30]} Rd7 {[%emt 0:00:00]} 47. a3 {[%emt 0:00:30]} Qd4 {[%emt 0:02:00]} 48. Qxd4+ {[%emt 0:05:30]} Rxd4 {[%emt 0:00:30]} 49. Re6 {[%emt 0:00:00]} Rd1+ {[%emt 0:00:30]} 50. Kh2 {[%emt 0:00:00]} Ra1 {[%emt 0:00:30]} 51. Rxb6 {[%emt 0:01:30]} Rxa3 {[%emt 0:00:30]} 52. f4 {[%emt 0:02:30]} Ra4 {[%emt 0:00:30]} 53. f5 {[%emt 0:02:30]} g4 {[%emt 0:00:30]} 54. Rc6 {[%emt 0:00:30]} h5 {[%emt 0:00:30]} 55. Rg6+ {[%emt 0:02:30]} Kh7 {[%emt 0:00:30]} 56. Rg5 {[%emt 0:00:30]} Kh6 {[%emt 0:00:30]} 57. Rg6+ {[%emt 0:00:30]} Kh7 {[%emt 0:00:30]} 58. Rg5 {[%emt 0:00:30]} Kh6 {[%emt 0:00:30]} 59. Rg6+ {[%emt 0:00:00]} 1/2-1/2

[Event "Turkey IS Bank Super League 2017"]
[Site "Darica-Kocaeli"]
[Date "2017.07.27"]
[Round "2.40"]
[White "Ayazmali, Gizem"]
[Black "Ozbay, Ece"]
[Result "1-0"]
[WhiteElo "1849"]
[BlackElo "1970"]
[Annotator "NA"]
[PlyCount "77"]
[EventType "team-tourn"]
[EventCountry "TUR"]
[SourceTitle "playchess.com"]
[Source "ChessBase"]
[SourceQuality "1"]
[TimeControl "40/5400+30:1800+30"]

1. e4 {[%emt 0:00:30]} c5 {[%emt 0:01:00]} 2. Nf3 {[%emt 0:00:30]} e6 {[%emt 0:00:30]} 3. d4 {[%emt 0:00:30]} cxd4 {[%emt 0:00:30]} 4. Nxd4 {[%emt 0:00:00]} Nc6 {[%emt 0:00:00]} 5. Nc3 {[%emt 0:00:00]} Qc7 {[%emt 0:00:00]} 6. Be3 {[%emt 0:00:00]} a6 {[%emt 0:00:30]} 7. Qf3 {[%emt 0:01:00]} Nf6 {[%emt 0:14:30]} 8. O-O-O $11 {[%emt 0:07:30] [%clk 1:21]} Bb4 {[%emt 0:09:30]} 9. Nb1 {[%emt 0:16:30]} O-O {[%emt 0:12:30]} 10. a3 {[%emt 0:18:30]} Ne5 {[%emt 0:08:30]} 11. Qe2 {[%emt 0:01:30]} Bc5 {[%emt 0:02:30]} 12. Bg5 {[%emt 0:07:30]} Be7 {[%emt 0:10:30]} 13. f4 {[%emt 0:08:30]} Nc6 {[%emt 0:04:30]} 14. e5 {[%emt 0:04:30]} Nd5 {[%emt 0:01:30]} 15. Bxe7 {[%emt 0:02:30]} Ncxe7 {[%emt 0:00:30]} 16. Qf2 {[%emt 0:06:30]} d6 {[%emt 0:10:30]} 17. exd6 {[%emt 0:07:10]} Qxd6 {[%emt 0:00:00]} 18. g3 {[%emt 0:01:12]} b5 {[%emt 0:02:10]} 19. Bg2 {[%emt 0:04:00]} Bb7 {[%emt 0:01:03]} 20. f5 {[%emt 0:06:01]} e5 {[%emt 0:06:33]} 21. Nb3 {[%emt 0:00:48]} Rfd8 {[%emt 0:00:54]} 22. Nc3 {[%emt 0:00:55]} Qh6+ {[%emt 0:00:27]} 23. Qd2 {[%emt 0:01:21]} Qb6 {[%emt 0:10:04]} 24. Nxd5 {[%emt 0:02:03]} Nxd5 {[%emt 0:00:07]} 25. Qe2 {[%emt 0:00:21]} f6 {[%emt 0:01:18]} 26. Rd2 {[%emt 0:01:34]} Rd6 {[%emt 0:01:24]} 27. Rhd1 {[%emt 0:00:30]} Rad8 {[%emt 0:00:30]} 28. Be4 {[%emt 0:00:23]} b4 {[%emt 0:01:44]} 29. Qc4 {[%emt 0:01:43]} Qc6 {[%emt 0:00:44]} 30. Qxc6 {[%emt 0:00:09]} Bxc6 {[%emt 0:00:30]} 31. Na5 {[%emt 0:00:15]} bxa3 {[%emt 0:00:29]} 32. bxa3 {[%emt 0:00:43]} Nc3 {[%emt 0:00:39]} 33. Rxd6 {[%emt 0:00:41]} Rxd6 {[%emt 0:00:30]} 34. Rxd6 {[%emt 0:00:30]} Bxe4 {[%emt 0:00:30]} 35. Kb2 {[%emt 0:00:12]} Nb5 {[%emt 0:00:00]} 36. Rxa6 {[%emt 0:00:14]} Bxf5 {[%emt 0:00:18]} 37. a4 {[%emt 0:00:30]} Nd4 {[%emt 0:00:00]} 38. Nc4 {[%emt 0:00:53]} Nxc2 {[%emt 0:01:57]} 39. Nd6 {[%emt 0:00:13]} 1-0

[Event "Turkey IS Bank Super League 2017"]
[Site "Darica-Kocaeli"]
[Date "2017.07.27"]
[Round "2.41"]
[White "Swiercz, Dariusz"]
[Black "Ivanchuk, Vassily"]
[Result "1/2-1/2"]
[WhiteElo "2637"]
[BlackElo "2729"]
[Annotator "TA"]
[PlyCount "41"]
[EventType "team-tourn"]
[EventCountry "TUR"]
[SourceTitle "playchess.com"]
[Source "ChessBase"]
[SourceQuality "1"]

{[%evp 30,41,29,27,18,19,14,33,22,0,0,0,18,0]} 1. e4 e6 2. d4 d5 3. Nc3 Nf6 4. e5 Nfd7 5. f4 c5 6. Nf3 Nc6 7. Be3 cxd4 8. Nxd4 Qb6 9. Qd2 Qxb2 10. Rb1 Qa3 11. Bb5 Nxd4 {C11: French: Classical System: 4 e5 and 4 Bg5 dxe4} 12. Bxd4 a6 13. Bxd7+ Bxd7 14. Rb3 Qe7 15. Rxb7 Qh4+ 16. Bf2 {LiveBook: 23 Games} Qd8 $1 17. Bb6 Qc8 18. Rc7 Qd8 $1 {[#]} 19. Rb7 $146 {The position is equal.} ({Find the theoretical novelty and annotate with similar games:} 19. Qd4 Ba3 20. Nb1 {½-½ (31) Jakovenko,D (2736)-Lysyj,I (2670) Vladivostok 2014}) 19... Qc8 20. Rc7 Qd8 $1 21. Rb7 1/2-1/2

[Event "Turkey IS Bank Super League 2017"]
[Site "Darica-Kocaeli"]
[Date "2017.07.27"]
[Round "2.42"]
[White "Yilmaz, Mustafa"]
[Black "Pantsulaia, Levan"]
[Result "1/2-1/2"]
[WhiteElo "2640"]
[BlackElo "2585"]
[Annotator "TA"]
[PlyCount "98"]
[EventType "team-tourn"]
[EventCountry "TUR"]
[SourceTitle "playchess.com"]
[Source "ChessBase"]
[SourceQuality "1"]

{[%evp 27,98,58,57,60,51,53,60,59,85,56,78,58,55,57,63,33,52,14,29,33,23,16,18,19,22,11,18,10,10,0,0,0,0,0,0,0,0,0,0,0,0,-5,0,-7,0,-8,0,0,0,0,0,-52,0,0,0,0,0,0,0,0,0,0,0,0,0,0,0,0,0,0,0,0,0]} 1. d4 {[%cal Bd2d4,Bd4d5][%mdl 32]} Nf6 2. c4 c5 3. d5 g6 4. Nc3 Bg7 5. e4 O-O 6. Nf3 e6 7. Be2 exd5 8. exd5 Re8 9. O-O d6 10. Bf4 Ne4 11. Nxe4 Rxe4 12. Bg5 {E91: King's Indian: Classical: 6 Be2, unusual replies including 6...c5 and 6...Bg4} (12. Qd2 Qf6 13. Bg3 Bg4 14. Bd3 Re8 15. Bh4 Qxb2 16. Qxb2 Bxb2 17. Rab1 Bg7 18. Rxb7 Nd7 19. h3 Bxf3 20. Rxd7 {½-½ (33) Sargissian,G (2687)-Guseinov,G (2592) Doha 2014}) 12... Qb6 13. Bd3 Re8 14. Re1 Bd7 {LiveBook: 5 Games} 15. Rxe8+ Bxe8 16. Qe2 $146 Nd7 17. Bf4 a5 18. Rb1 a4 19. h3 Qc7 20. Re1 Nf6 21. Qd2 Bd7 22. Bh6 Bxh6 23. Qxh6 Re8 24. Qd2 Rxe1+ 25. Qxe1 {[#] Strongly threatening Qe7.} Qd8 26. Qe3 b5 27. cxb5 {And now Qf4 would win.} Nxd5 28. Qd2 Nb6 29. b3 axb3 30. axb3 Be6 31. Bc2 Bd5 32. Nh2 h5 33. Nf1 Be6 34. Nh2 d5 35. Nf3 Qf6 36. Qe3 Nd7 37. Ng5 d4 38. Qg3 $1 Bd5 39. Ne4 ({Better is} 39. Be4 $11 Bxe4 40. Nxe4) 39... Qb6 ({Black should play} 39... Qe6 $15 40. Qc7 Kg7) 40. Nd6 $11 {The position is equal.} Kf8 (40... h4 $5 {[%cal Rh4g3]} 41. Qf4 Qd8 $11) 41. Nc4 Qe6 (41... Bxc4 $5 42. bxc4 Qe6 $11) 42. Bd3 Ke8 43. Kf1 Kd8 44. Qg5+ Kc8 45. Qf4 Kb7 46. Nd6+ Kb6 {[#] Threatens to win with ...g5.} 47. Nc8+ Kb7 48. Nd6+ Kb6 {Hoping for ...g5.} 49. Nc8+ Kb7 {Precision: White = 68%, Black = 80%.} 1/2-1/2